00716nam a22001937a 4500003000900000005001700009008004100026040001300067100001700080245008800097250000600185260003800191300001700229490002400246520012300270942001200393999001700405952010000422IT-RoPau20220918175941.0130208b xxu||||| |||| 00| 0 eng d cIT-RoPau aOrnella9388 aMaggiorino VigolungobIl Servo di Dio. Giovane apostolo della comunicazione sociale aI aRomabPostulazione Generalec1981 a72 p.c18 cm aEdizioni PaolinevI aIndice Presentazione Nascita e infanzia La vocazione Nella Società S. Paolo Programma eroico Li aspetto in Paradiso 2ddccBK c38019d38019 00102ddc406P_B671aPAULUSbPAULUSd2013-02-08l0oP B6r2013-02-08 00:00:00w2013-02-08yBK